Bharatiya kahavath sangrah: Bharatiya bashavom ki chuni hui kahavathem (Record no. 11057)
[ view plain ]
| 000 -LEADER | |
|---|---|
| fixed length control field | 00473nam a2200145Ia 4500 |
| 082 ## - DEWEY DECIMAL CLASSIFICATION NUMBER | |
| Classification number | RR 398.9 BHA; |
| 245 #0 - TITLE STATEMENT | |
| Title | Bharatiya kahavath sangrah: Bharatiya bashavom ki chuni hui kahavathem |
| 260 ## - PUBLICATION, DISTRIBUTION, ETC. (IMPRINT) | |
| Place of publication | Pune |
| Name of publisher | Thriveni Snagam - Basha vibhag |
| Year of publication | 1983 |
| 500 ## - GENERAL NOTE | |
| General note | contents: Vol.2.(1969), (792p.) - v.3.(1983), (788p.) |
| 650 ## - SUBJECT ADDED ENTRY--TOPICAL TERM | |
| Topical Term | Hindi langusge - Terms and phrases |
| 650 ## - SUBJECT ADDED ENTRY--TOPICAL TERM | |
| Topical Term | Quotations, Hindi |
| 650 ## - SUBJECT ADDED ENTRY--TOPICAL TERM | |
| Topical Term | Proverbs |
| 700 ## - ADDED ENTRY--PERSONAL NAME | |
| Personal name | Narvane, Viswanath Dinakar |
| 942 ## - ADDED ENTRY ELEMENTS (KOHA) | |
| Koha item type | Books |
| Withdrawn status | Lost status | Damaged status | Not for loan | Home library | Current library | Date acquired | Serial Enumeration / chronology | Full call number | Accession Number | Price effective from | Koha item type | Bill Date |
|---|---|---|---|---|---|---|---|---|---|---|---|---|
| NASSDOC Library | NASSDOC Library | 08/06/2004 | V.2 | RR 398.9 BHA; | 13501 | 18/04/2019 | Books | |||||
| NASSDOC Library | NASSDOC Library | 08/06/2004 | V.3 | RR 398.9 BHA; | 17936 | 18/04/2019 | Books | 2004-10-22 |
